|
|
|
|
| LEADER |
00000nam0a2200000 4500 |
| 001 |
267363 |
| 005 |
20231101234056.0 |
| 020 |
|
|
|a RU
|b 87-14183
|
| 035 |
|
|
|a (RuTPU)RU\TPU\book\290420
|
| 090 |
|
|
|a 267363
|
| 100 |
|
|
|a 20140728d1987 k y0rusy5003 ca
|
| 101 |
0 |
|
|a rus
|
| 102 |
|
|
|a RU
|
| 105 |
|
|
|a y z 001zy
|
| 200 |
1 |
|
|a Физико-географические основы формирования состава взвешенных наносов рек ирригационных систем (на примере Средней Азии)
|f Н. Т. Кузнецов, И. А. Клюканова, С. А. Санин
|g Академия наук СССР (АН СССР), Институт географии (ИГ)
|
| 210 |
|
|
|a Москва
|c Наука
|d 1987
|
| 215 |
|
|
|a 149 с.
|c ил.
|
| 320 |
|
|
|a Библиогр.: с. 136-140
|
| 606 |
1 |
|
|a Наносы
|x Динамика
|x (гидрология)
|2 stltpush
|3 (RuTPU)RU\TPU\subj\44812
|9 64092
|
| 610 |
1 |
|
|a формирование
|
| 610 |
1 |
|
|a физико-географические условия
|
| 610 |
1 |
|
|a реки
|
| 610 |
1 |
|
|a ирригация
|
| 610 |
1 |
|
|a системы
|
| 610 |
1 |
|
|a Средняя Азия
|
| 675 |
|
|
|a 556.535.6
|z rus
|v 3
|
| 700 |
|
1 |
|a Кузнецов
|b Н. Т.
|g Николай Тимофеевич
|4 070
|
| 701 |
|
1 |
|a Клюканова
|b И. А.
|g Инна Алексеевна
|
| 701 |
|
1 |
|a Санин
|b С. А.
|g Станислав Андреевич
|
| 712 |
0 |
2 |
|a Академия наук СССР (АН СССР)
|b Институт географии (ИГ)
|c (Москва)
|2 stltpush
|3 (RuTPU)RU\TPU\col\11388
|
| 801 |
|
0 |
|a RU
|b RuMRKP
|c 19950417
|g psbo
|
| 801 |
|
1 |
|a RU
|b 63413507
|c 20140728
|
| 801 |
|
2 |
|a RU
|b 63413507
|c 20160907
|g RCR
|
| 942 |
|
|
|c BK
|